| 000 | 00931 a2200205 4500 | ||
|---|---|---|---|
| 003 | Nust | ||
| 005 | 20221128132306.0 | ||
| 010 | _a 78006706 | ||
| 020 | _a0471029859 | ||
| 040 | _cNust | ||
| 082 | 0 | 0 | _a519.4, ATK |
| 100 | 1 |
_aAtkinson, Kendall E. _967288 |
|
| 245 | 1 | 3 |
_aAn introduction to numerical analysis / _cKendall E. Atkinson. |
| 250 | _a2nd ed | ||
| 260 |
_aNew York : _bWiley, _cc1978. |
||
| 300 |
_axiii, 587 p. : _bill. ; _c24 cm. |
||
| 505 | _a1.Error; Its Sources, Propagation and Analysis (Page-3), Root finding for Nonlinear Equations (Page-53), Interpolation Theory (Page-131), Approximation of Functions (Page-197), Numerical Integration (Page-249), Numerical Methods for Ordinary Differential Equations (Page-333), Linear Algebra (Page-463), Numerical Solution of Systems of Linear Equations (Page-507), The Matrix Eigenvalue Problem (Page-587). | ||
| 650 | 0 |
_aNumerical analysis. _9103 |
|
| 942 |
_2ddc _cBK |
||
| 999 |
_c179180 _d179180 |
||